000 01055cam a2200253 i 4500
003 SA-RiAUC
005 20251020075002.0
008 251014s1976 ti g 000 0 ara c
040 _aQA-DoQUL
_bara
_cSA-RiAUC
_erda
082 0 4 _a236.4
090 _a236.4
_bا ب ن ع
100 1 _aبن عاشور، محمد الطاهر،
_d1296-1393 هجري
_eمؤلف.
245 1 0 _aكشف المغطى من المعاني والألفاظ الواقعة في الموطأ /
_cمحمد الطاهر بن عاشور.
264 1 _aتونس :
_bالشركة التونسية :
_bالشركة الوطنية للنشر والتوزيع،
_c1976
300 _a462 صفحة ؛
_c24 سم
336 _aنص
_btxt
_2rdacontent
_3كتاب
337 _aبدون وسيط
_bn
_2rdamedia
338 _aمجلد
_bnc
_2rdacarrier
650 7 _aالفقه المالكي
_2aucsh
700 1 2 _aالإمام مالك، مالك بن أنس بن مالك،
_d93-179 هجري
740 2 2 _aالموطأ.
942 _2ddc
_cBOOK
_n0
949 _aSA-JeALM
_d251014
_umohamedma123
_n1
999 _c12647
_d12647